Lyrics to 'Antes De Los 30' by Morat - Statistics

General Stats
  • This quiz has been taken 61 times
  • The average score is 153 of 245
Answer Stats
Answer % Correct
a
100%
antes
100%
de
100%
De
100%
lo
100%
Lo
100%
los
100%
se
86%
86%
que
71%
Que
71%
va
71%
al
57%
aterra
57%
ayer
57%
bien
57%
borracho
57%
como
57%
comprobar
57%
convierte
57%
cosas
57%
crecer
57%
crecimos
57%
cuarto
57%
Darle
57%
desperté
57%
duele
57%
el
57%
en
57%
es
57%
fui
57%
fuimos
57%
gravedad
57%
hotel
57%
humor
57%
la
57%
ley
57%
mal
57%
más
57%
Me
57%
me
57%
Medio
57%
mil
57%
niño
57%
no
57%
No
57%
nos
57%
Odio
57%
pasa
57%
pensando
57%
Pero
57%
ponerme
57%
por
57%
pronto
57%
quedan
57%
querer
57%
quiero
57%
recuerdos
57%
sentido
57%
siente
57%
siguen
57%
sin
57%
Sobre
57%
sol
57%
soy
57%
tan
57%
Tengo
57%
tiempo
57%
tiene
57%
toda
57%
treinta
57%
un
57%
una
57%
velocidad
57%
verdad
57%
vida
57%
vivir
57%
vuelta
57%
y
57%
Y
57%
Ya
57%
ya
57%
aceptar
43%
aunque
43%
cada
43%
cristal
43%
despertador
43%
día
43%
está
43%
existir
43%
hacerlo
43%
hay
43%
Hay
43%
hecho
43%
mejor
43%
perder
43%
saber
43%
sale
43%
siempre
43%
temerle
43%
trascendental
43%
trata
43%
No matching quizzes found
Score Distribution
Percent of People with Each Score
Percentile by Number Answered
Your Score History
You have not taken this quiz